| 000 | 00909nam a2200229 a 4500 | ||
|---|---|---|---|
| 001 | 65297 | ||
| 003 | BD-RjUL | ||
| 005 | 20211209081416.0 | ||
| 008 | 170304s1958 ii ||||| |||| 00| 0 eng d | ||
| 020 | _cTk. 7.00 | ||
| 035 | _a(BD-RjUL)65427 | ||
| 040 |
_aBD-RjUL _bben _cBD-RjUL |
||
| 041 | _aben | ||
| 082 |
_223 _a891.4409 _bRAB 1958 |
||
| 100 |
_a রায়, রথীন্দ্রনাথ _9130989 |
||
| 245 | 1 | 0 |
_aবাংলা সাহিত্যে প্রমথ চৌধুরী / _cরথীন্দ্রনাথ রায় |
| 260 |
_aকলিকাতা : _bইষ্ট এন্ড কোম্পানী, _c১৯৫৮ |
||
| 300 |
_a৩৯০ পৃ. ; _c২১ সেমি. |
||
| 650 |
_aবাংলা সাহিত্য _vইতিহাস ও সমালোচনা _9117445 |
||
| 650 |
_aBengali literature _vHistory and criticism _9130990 |
||
| 942 |
_2ddc _cBK |
||
| 999 |
_c65297 _d65297 |
||